Vlaggen van de Belgische Provincies - Statistieken

Algemene statistieken
  • Deze quiz is 734 keer genomen
  • De gemiddelde score is 8 van 10
Antwoordstatistieken
Foto Antwoord % Correct
Antwerpen
86%
Luik
85%
West-Vlaanderen
85%
Namen
83%
Limburg
82%
Oost-Vlaanderen
81%
Luxemburg
79%
Vlaams-Brabant
78%
Henegouwen
77%
Waals-Brabant
77%
Geen overeenkomende quizzen gevonden
Scoreverdeling
Procent van Mensen met Elke Score
Percentiel versus Aantal Correcte Antwoorden
Uw Scoregeschiedenis
U heeft deze quiz nog niet genomen